000 00479nam a2200157 i 4500
001 61620
003 ES-MaACL
005 20230906164514.0
007 t|
008 031113s1964 sp ||||1| spa d
100 1 _aFábregas Costajusa, J.
_948559
245 1 0 _aDiagnóstico de averías en los motores eléctricos y dinamos /
_cpor J. Fábregas Costajusa.
260 _aBarcelona :
_bCedel,
_c1964.
300 _a267 p. :
_bil. ;
_c23 cm.
852 _aES-MaACL
_jC-24984
_bR.53971
999 _c61620
_d61620